| 000 | 00408nam a2200133Ia 4500 | ||
|---|---|---|---|
| 008 | 220217s9999||||xx |||||||||||||| ||und|| | ||
| 020 | _a9788184871869 | ||
| 082 | _a624.1834 NAY | ||
| 100 |
_aNayak, N.V and Jain, A.K _910066 |
||
| 245 | 0 | _aHandbook on advanced concrete technology | |
| 260 |
_aNarosa publishing house _bNew Delhi _c2014 |
||
| 300 |
_aXVIII, 463p. _b895 |
||
| 650 | _aCONCRETE TECHNOLOGY | ||
| 999 |
_c188057 _d188057 |
||